Tài nguyên thiên địch của sâu hại nghiên cứu và ứng dụng; T1

Shranjeno v:
Bibliografske podrobnosti
Glavni avtor: Phạm Văn Lầm
Format: Knjiga
Jezik:Undetermined
Izdano: H. Nông Nghiệp 2002
Teme:
Oznake: Označite
Brez oznak, prvi označite!
Thư viện lưu trữ: Trung tâm Học liệu Trường Đại học Cần Thơ
LEADER 00599nam a2200193Ia 4500
001 CTU_58658
008 210402s9999 xx 000 0 und d
020 |b 21500 
082 |a 632.9 
082 |b L120 
100 |a Phạm Văn Lầm 
245 0 |a Tài nguyên thiên địch của sâu hại nghiên cứu và ứng dụng; T1 
245 0 |c Phạm Văn Lầm 
260 |a H. 
260 |b Nông Nghiệp 
260 |c 2002 
650 |a insects as biological control agents,plants, protection of 
904 |i Minh 
980 |a Trung tâm Học liệu Trường Đại học Cần Thơ